00989nam a22002654a 450000500170000000800410001701000140005802000270007202000240009903500130012303700150013604000180015108200160016924501520018526000460033727000640038330000440044749000310049150000410052265000350056365000380059865000500063670000180068670000190070420090811112650.0090319s2009 ii ab b 000 0 eng  aENG-94709 a9780195698862 c895.00 a019569886X c895.00 aEN-78242 aDBAD / PUB adplbEnglish  a726.1430954 aBuddhist stupas in South Asia :brecent archaeological, art-historical, and historical perspectives /cedited by Jason Hawkes (and) Akira Shimada  aNew Delhi bOxford University Pressc2009 aYMCA Library Building, Jai Singh Road, bNew Delhi e110001 axlii, 346 p. :bill., maps ;c22cm(Hb)  aSOAS studies on South Asia aIncludes bibliographical references  aStù„paszSouth AsiaxHistory. aBuddhist antiquitieszSouth Asia. aBuddhist decoration and ornamentzSouth Asia. aHawkes, Jason aShimada, Akira